Commentarii Rerum memorabilium que temporibus suis contigerunt /

Hlavní autor: Pius II., papež, 1405-1464
Další autoři: Heck, Adrianus van, 1923-2009
Jazyk: Latina
Vydáno: Citta del Vaticano : Biblioteca Apostolica Vaticana, 1984
Edice: Studi e testi (Biblioteca Apostolica Vaticana)
Témata:
Fyzický popis: 2 sv., obr. příl. : il.
Odebírané svazky: 1-2
Knihy
Uloženo v:
LEADER 01178nam a22002892aa4500
001 000240770
003 CZ BrMZK
005 20090116141047.0
007 ta
008 950101s1984 it af f 000 0 lat d
040 |a BOA001  |b cze 
080 9 |a 262.13 
080 9 |a 871-97 
100 0 |a Pius  |b II.,  |c papež,  |d 1405-1464  |7 jn20011019066  |4 aut 
245 1 0 |a Commentarii Rerum memorabilium que temporibus suis contigerunt /  |c Ad codicum fidem nunc primum ed. ab Adriano van Heck 
260 |a Citta del Vaticano :  |b Biblioteca Apostolica Vaticana,  |c 1984 
300 |a 2 sv., obr. příl. :  |b il. 
490 1 |a Studi e testi ;  |v 312, 313 
505 0 |a vol. 1. 464 s. -- Vol. 2. s. 467-858 
700 1 |a Heck, Adrianus van,  |d 1923-2009  |7 mzk2007411074  |4 edt 
830 0 |a Studi e testi (Biblioteca Apostolica Vaticana) 
910 |a BOA001  |b 2-0903.561  |s 1-2 
920 |a 000240774 
964 |a Pius II., papež - dílo - komentovaná vydání 
990 |a BK 
996 7 |b 2619900205  |c 2-0903.561  |d Vol. 1.  |v 1  |l MZK  |r Sklad / do 1 hodiny  |n 14  |w 000240770  |u 000010  |a 1  |e BOA001  |j MZK50  |s A 
996 7 |b 2619900206  |c 2-0903.561  |d Vol. 2.  |v 2  |l MZK  |r Sklad / do 1 hodiny  |n 13  |w 000240770  |u 000020  |a 1  |e BOA001  |j MZK50  |s A